| 000 | 01681cam a2200385 i 4500 | ||
|---|---|---|---|
| 003 | SA-RiAUC | ||
| 005 | 20251005124217.0 | ||
| 008 | 251002s2012 ku g f0001p ara c | ||
| 020 | _a9789996650192 | ||
| 040 |
_aKW-KcNLK _bara _cSA-RiAUC _dKW-KwMAI _erda |
||
| 082 | 0 | 4 |
_a811.062 _qSA-RiAUC |
| 090 |
_a811.062 _bع ش م |
||
| 100 | 1 |
_aالعشماوي، عبد الرحمن صالح حسين، _d1375 هجري- _eمؤلف. |
|
| 245 | 1 | 0 |
_aتلاميذ النبوة : _bديوان شعر / _cعبد الرحمن العشماوي. |
| 250 | _aالطبعة الأولى. | ||
| 264 | 1 |
_aالكويت : _bوزارة الأوقاف والشؤون الإسلامية، قطاع الشؤون الثقافية، إدارة الثقافة الإسلامية، _c2012 |
|
| 300 |
_a182 صفحة ؛ _c21 سم. |
||
| 336 |
_aنص _btxt _2rdacontent _3كتاب |
||
| 337 |
_aبدون وسيط _bn _2rdamedia |
||
| 338 |
_aمجلد _bnc _2rdacarrier |
||
| 490 | 1 |
_aروافد. _aإسهام ؛ _v50 |
|
| 500 | _aالإخراج الفني : محمود محمد أبو الفضل. | ||
| 506 | 0 | _aيهدى ولا يباع. | |
| 520 | 0 | _aشعر. | |
| 650 | 7 |
_aالشعر العربي الديني _zالسعودية _yقرن 15 هجري. _2aucsh |
|
| 650 | 7 |
_aالشعر العربي الإسلامي _zالسعودية _yقرن 15 هجري. _2aucsh |
|
| 650 | 7 |
_aالسيرة النبوية _vشعر _2aucsh |
|
| 650 | 7 |
_aالصحابة والتابعون _vشعر _2aucsh |
|
| 653 | _aالشعر العربي | ||
| 653 | _aالشعر الديني | ||
| 830 | 0 |
_aروافد. _pإسهام _v50 |
|
| 856 | 4 | _uBOOKS/125 | |
| 942 |
_2ddc _cBOOK _n0 |
||
| 949 |
_aSA-JeALM _d251002 _umohamedma123 _n1 |
||
| 999 |
_c12393 _d12393 |
||